| 000 | 00958cam a22002771 4500 | ||
|---|---|---|---|
| 001 | sd 19000181 | ||
| 003 | DLC | ||
| 005 | 20260227112731.0 | ||
| 007 | cr_||||||||||| | ||
| 007 | cr_||||||||||| | ||
| 008 | 720602s1901 xx 000 0 eng | ||
| 010 | _asd 19000181 | ||
| 035 | _a(OCoLC)322904 | ||
| 040 |
_aDLC _cOKentU _dOCoLC _dDLC |
||
| 042 | _apremarc | ||
| 050 | 0 | 0 |
_aE711.6 _b.G76 |
| 100 | 1 |
_aGrosvenor, Charles Henry, _d1833-1917. |
|
| 245 | 1 | 0 |
_aWilliam McKinley, his life and work, _cby Charles H. Grosvenor. |
| 260 |
_aWashington, D.C., _bThe Continental assembly, _c1901. |
||
| 300 |
_a190 p. _billus. _c26 cm. |
||
| 530 | _aAlso available in digital form on the Internet Archive Web site. | ||
| 530 | _aAlso available in digital form on the Internet Archive Web site. | ||
| 600 | 1 | 0 |
_aMcKinley, William, _d1843-1901 |
| 856 | 4 | 1 | _uhttp://hdl.loc.gov/loc.gdc/scd0001.00137882966 |
| 856 | 4 | 1 | _uhttp://hdl.loc.gov/loc.gdc/scd0001.00004842868 |
| 999 |
_c89739 _d89739 |
||